000 00848nam a22002297a 4500
008 081120t xxu||||| |||| 00| 0 eng d
010 _aENG-91690
020 _a9788184550955
_c650.00
035 _aEN-75223
037 _bDBAD / PUB
040 _adpl
_bEnglish
082 _a881.145
245 _aRomantic and victorian poetry /
_cedited by I.A. Khan
260 _aNew Delhi
_bOmega Publications
_c2008
270 _a4398/5, Ansari Road, Daryaganj,
_bNew Delhi
_e110002
300 _av, 304p.
_c22cm (Hb)
500 _aIncludes index
650 _aEnglish poetry
_y19th century
700 _aKhan, I.A.
942 _2ddc
_cEN
_mROM
_h881.145
999 _c18805
_d18805